00489nam a2200145Ia 4500008004100000020001800041100002200059245006900081250001200150260002600162300002300188500005200211650004200263650003800305180925s9999 xx 000 0 und d a9780323354820 aTille,Patricia M. cPatricia M. Tille.--aBailey & Scott's diagnostic microbiology / a14th ed aUSA :bElsevierc2017 axviii, 1115 pages. aInlcudes bibliographical reference and indexes. aDiagnostic techniques and procedures. aMESH: Microbiological techniques.